| 000 | 00787nam a22002417a 4500 | ||
|---|---|---|---|
| 003 | OSt | ||
| 005 | 20250725064156.0 | ||
| 008 | 250725b |||||||| |||| 00| 0 eng d | ||
| 020 | _a978-621-04-5174-0 | ||
| 040 |
_aDWC-Main Lib _cOC |
||
| 082 | _aFil. 332.1 Al475b 2025 | ||
| 100 | _aAlvior, Elizabeth B. | ||
| 245 |
_aBanking and financial institutions/ _cElizabeth B. Alvior & Rosemarie F. Magno |
||
| 250 | _a1st edition | ||
| 260 |
_aSampaloc, Manila, Philippines : _bRexbookstore, _cc2025. |
||
| 300 |
_axi, 246 pages : _billustrations ; _c25cm. |
||
| 504 | _aIncludes index. | ||
| 650 | _a1. Banks and banking. | ||
| 650 | _a2. Commercial banks. | ||
| 650 | _a3. Financial institutions. | ||
| 700 | _aMagno, Rosemarie F. | ||
| 942 |
_2ddc _cBK - FIL _e1st edition _kFil. _n0 |
||
| 999 |
_c3821 _d3821 |
||